[Event "Graz-ch"]
[Site "Graz"]
[Date "1994.??.??"]
[Round "6"]
[White "Ulm, Milan"]
[Black "Singer, Richard"]
[Result "0-1"]
[WhiteElo "2030"]
[BlackElo "2135"]
[PlyCount "60"]
[EventDate "1994.??.??"]
[EventType "swiss"]
[EventRounds "9"]
[EventCountry "AUT"]
[SourceTitle "EXT 1998"]
[Source "ChessBase"]
[SourceDate "1997.11.17"]
[SourceVersion "1"]
[SourceVersionDate "1997.11.17"]
[SourceQuality "1"]

1. c4 e5 2. Nc3 Nf6 3. Nf3 Nc6 4. g3 g6 5. Bg2 Bg7 6. 0-0 h6 7. e4 d6 8. d3 Bg4 9. h3 Be6 10. Be3 Qd7 11. Kh2 Nh7 12. Ng1 0-0 13. Qd2 h5 14. Nd5 Nd4 15. f4 c6 16. Bxd4 exd4 17. f5 gxf5 18. exf5 Bxd5 19. cxd5 h4 20. g4 Qe7 21. Rae1 Qf6 22. Nf3 Bh6 23. Qb4 c5 24. Qxb7 Be3 25. Qb3 Kh8 26. Kh1 Qh6 27. Re2 Nf6 28. g5 Bxg5 29. Nxg5 Qxg5 30. Qc2 Nh5 0-1

[Event "Graz-ch"]
[Site "Graz"]
[Date "1994.??.??"]
[Round "5"]
[White "Vodep, Otto"]
[Black "Ulm, Milan"]
[Result "0-1"]
[WhiteElo "2155"]
[BlackElo "2035"]
[PlyCount "116"]
[EventDate "1994.??.??"]
[EventType "swiss"]
[EventRounds "9"]
[EventCountry "AUT"]
[SourceTitle "EXT 1998"]
[Source "ChessBase"]
[SourceDate "1997.11.17"]
[SourceVersion "1"]
[SourceVersionDate "1997.11.17"]
[SourceQuality "1"]

1. e4 c6 2. d4 d5 3. Nd2 dxe4 4. Nxe4 Bf5 5. Ng3 Bg6 6. Nf3 Nd7 7. h4 h6 8. h5 Bh7 9. Bd3 Bxd3 10. Qxd3 Ngf6 11. Bd2 e6 12. 0-0-0 Qc7 13. Qe2 0-0-0 14. Kb1 Bd6 15. Ne4 Nxe4 16. Qxe4 Nf6 17. Qe2 c5 18. c4 cxd4 19. Nxd4 a6 20. Bc3 Rd7 21. Nb3 Qc6 22. f3 Rhd8 23. g4 Be7 24. Rxd7 Rxd7 25. Rc1 Kd8 26. Qe3 Ke8 27. g5 hxg5 28. Qxg5 Qxf3 29. Qxg7 Qxh5 30. Ka1 e5 31. a3 Rd1 32. Rxd1 Qxd1+ 33. Ka2 Qd6 34. Qg3 Nd7 35. Qg8+ Bf8 36. Nd2 Qg6 37. Qh8 Qe6 38. b3 f6 39. Qh1 b5 40. Qh5+ Kd8 41. Ba5+ Kc8 42. Qf3 Nb8 43. Qf1 Nc6 44. Bb6 Nb4+ 45. axb4 Qxb6 46. Qf5+ Kd8 47. c5 Qc6 48. Ne4 Be7 49. Qh7 Qe6 50. Qh8+ Kd7 51. Qg7 f5 52. Nd6 e4 53. Nf7 Qf6 54. Ne5+ Ke6 55. Qg8+ Kxe5 56. Qb8+ Kd4 57. Qc8 Kc3 58. Qg8 Kxb4 0-1